00757nam a22002177a 4500003000400000005001700004008004100021020001800062040002900080050002300109100002400132245008900156260003800245300005700283650004200340650004800382650004000430700002400470700002600494700001900520OSt20260617125547.0260617b |||||||| |||| 00| 0 eng d a9781412926027 cChuka University Library aLC 1099.3 .C8 2008 aLindsey, Randall B. aCulturally Proficient InquirybA Lens for Identifying and Examining Educational Gaps aThousand OaksbCorwin Pressc2008 aVarious PagingbIndex and Bibliographical References aMulticultural Education-United States aEducation -Political Aspects- United States aAcademic Achievement- United States aStephanie M. Graham aR. Chris Westphal Jr. aCynthia L. Jew